[Event "MTN-ch"]
[Site "Nouakchott"]
[Date "2014.12.29"]
[Round "5"]
[White "Abdellahi, Sidi"]
[Black "Cheiguer, Mohamed Abdellahi"]
[Result "0-1"]
[WhiteElo "1919"]
[BlackElo "1771"]
[PlyCount "64"]
[EventDate "2014.12.27"]
[EventType "swiss"]
[EventRounds "11"]
[EventCountry "MAU"]
[SourceTitle "CBM 164 Extra"]
[Source "ChessBase"]
[SourceDate "2015.03.02"]
[SourceVersion "1"]
[SourceVersionDate "2015.03.02"]
[SourceQuality "1"]

1. Nf3 Nf6 2. g3 g6 3. Bg2 Bg7 4. 0-0 0-0 5. d3 d5 6. Nbd2 Nbd7 7. Re1 e5 8. e4 d4 9. a4 a5 10. Nc4 Ne8 11. Bg5 f6 12. Bd2 c5 13. h4 Qc7 14. Qc1 Nd6 15. Nxd6 Qxd6 16. Bh6 Nb6 17. Bxg7 Kxg7 18. b3 Be6 19. Nh2 Nd7 20. Bf3 h5 21. Kg2 Nb8 22. Rg1 Rh8 23. Qd2 Nc6 24. Kf1 Nb4 25. Bg2 b6 26. f4 exf4 27. gxf4 Raf8 28. Bh1 Kf7 29. f5 gxf5 30. Re1 fxe4 31. Bxe4 Bh3+ 32. Bg2 Qxh2 0-1

[Event "MTN-ch"]
[Site "Nouakchott"]
[Date "2014.12.27"]
[Round "2"]
[White "Eyaha, Abdallahi"]
[Black "Cheiguer, Mohamed Abdellahi"]
[Result "1/2-1/2"]
[WhiteElo "1698"]
[BlackElo "1771"]
[PlyCount "78"]
[EventDate "2014.12.27"]
[EventType "swiss"]
[EventRounds "11"]
[EventCountry "MAU"]
[SourceTitle "CBM 164 Extra"]
[Source "ChessBase"]
[SourceDate "2015.03.02"]
[SourceVersion "1"]
[SourceVersionDate "2015.03.02"]
[SourceQuality "1"]

1. c4 Nf6 2. d4 c6 3. Nc3 d5 4. e4 dxe4 5. g3 Bf5 6. Bg2 e6 7. Nge2 Bb4 8. 0-0 0-0 9. Qb3 Bxc3 10. Qxb7 Nbd7 11. Nxc3 Qb6 12. Qxb6 Nxb6 13. b3 Rfd8 14. Rd1 h6 15. Bf4 Bg4 16. Rd2 Bf3 17. Re1 Rd7 18. Bxf3 exf3 19. Re3 g5 20. Be5 Ng4 21. Red3 Nxe5 22. dxe5 Rad8 23. Rd6 Kf8 24. Ne4 Ke7 25. g4 Nc8 26. Rxd7+ Rxd7 27. Rxd7+ Kxd7 28. Nf6+ Ke7 29. Kf1 Nb6 30. Ke1 c5 31. Kd2 a5 32. Ke3 Nd7 33. Nxd7 Kxd7 34. Kxf3 a4 35. Ke4 Kc6 36. Kd3 Kb6 37. Kc3 Ka5 38. a3 axb3 39. Kxb3 Kb6 1/2-1/2

[Event "MTN Selection"]
[Site "Nouakchott"]
[Date "2014.03.24"]
[Round "9"]
[White "Cheiguer, Mohamed Abdellahi"]
[Black "Dieh, Mohamed"]
[Result "1-0"]
[WhiteElo "1799"]
[BlackElo "1971"]
[PlyCount "53"]
[EventDate "2014.03.18"]
[EventType "tourn"]
[EventRounds "9"]
[EventCountry "MAU"]
[SourceTitle "EXT 2018"]
[Source "ChessBase"]
[SourceDate "2017.10.13"]
[SourceVersion "1"]
[SourceVersionDate "2017.10.13"]
[SourceQuality "1"]

1. e4 e5 2. Nf3 Nc6 3. d4 exd4 4. Bc4 d6 5. c3 Ne5 6. cxd4 Nxc4 7. Qa4+ Bd7 8. Qxc4 a6 9. Nc3 Be7 10. e5 Rc8 11. 0-0 Bg4 12. Re1 Nh6 13. Bxh6 gxh6 14. exd6 cxd6 15. Qe2 Rg8 16. Kh1 Rg6 17. Nd5 Re6 18. Qd3 Bxf3 19. gxf3 Qa5 20. Rxe6 fxe6 21. Nxe7 Kxe7 22. Qxh7+ Kf6 23. Qxh6+ Kf7 24. Rg1 Qf5 25. Rg7+ Ke8 26. Qh8+ Qf8 27. Rg8 1-0

[Event "MTN Selection"]
[Site "Nouakchott"]
[Date "2014.03.21"]
[Round "4"]
[White "Kar, El Moustapha"]
[Black "Cheiguer, Mohamed Abdellahi"]
[Result "1-0"]
[WhiteElo "1889"]
[BlackElo "1799"]
[PlyCount "77"]
[EventDate "2014.03.18"]
[EventType "tourn"]
[EventRounds "9"]
[EventCountry "MAU"]
[SourceTitle "EXT 2018"]
[Source "ChessBase"]
[SourceDate "2017.10.13"]
[SourceVersion "1"]
[SourceVersionDate "2017.10.13"]
[SourceQuality "1"]

1. d4 d5 2. c4 c6 3. Nc3 Nf6 4. Nf3 e6 5. Qc2 Be7 6. Bf4 Nbd7 7. e3 a6 8. Bd3 dxc4 9. Bxc4 b5 10. Bd3 Bb7 11. a3 c5 12. Rd1 c4 13. Be2 Rc8 14. e4 0-0 15. h4 Qa5 16. Nd2 Qb6 17. Be3 Qc6 18. g4 Ne8 19. g5 Nd6 20. Bg4 Nf5 21. Nf1 Nxe3 22. Nxe3 g6 23. d5 Qb6 24. dxe6 Nc5 25. exf7+ Kxf7 26. Bxc8 Rxc8 27. Ncd5 Qe6 28. f3 Bd6 29. h5 gxh5 30. Rxh5 Nd3+ 31. Kf1 Qg6 32. Nf6 h6 33. Neg4 Rh8 34. Rxd3 cxd3 35. Qxd3 Rd8 36. Ne5+ Bxe5 37. Qxd8 Bc6 38. Rxh6 Qxg5 39. Rh7+ 1-0

[Event "MAU-ch"]
[Site "Nouadhibou"]
[Date "2014.01.03"]
[Round "11"]
[White "Cheiguer, Mohamed Abdellahi"]
[Black "Boydia, Sidi"]
[Result "0-1"]
[WhiteElo "1681"]
[BlackElo "2063"]
[PlyCount "94"]
[EventDate "2013.12.28"]
[EventType "swiss"]
[EventRounds "11"]
[EventCountry "MAU"]
[SourceTitle "CBM 158 Extra"]
[Source "ChessBase"]
[SourceDate "2014.02.28"]
[SourceVersion "1"]
[SourceVersionDate "2014.02.28"]
[SourceQuality "1"]

1. e4 c5 2. Nf3 d6 3. d4 cxd4 4. Nxd4 Nf6 5. Nc3 a6 6. g3 b5 7. Bg2 Bb7 8. a3 e6 9. Bg5 Nbd7 10. 0-0 Qc7 11. Re1 Be7 12. Qd2 Ne5 13. h3 Nc4 14. Qc1 Nxa3 15. Rxa3 b4 16. Ncb5 axb5 17. Rxa8+ Bxa8 18. Qd2 0-0 19. Qxb4 d5 20. Qxb5 dxe4 21. c3 Bd5 22. Qe2 Rb8 23. Qd2 Qb7 24. Bxf6 gxf6 25. b4 Ra8 26. Rc1 Ra2 27. Rc2 Ra1+ 28. Rc1 e3 29. Qxe3 Rxc1+ 30. Qxc1 Bxg2 31. Kh2 Be4 32. Qb2 Qd5 33. Qb3 Qa8 34. Qb2 e5 35. Nb5 Qd5 36. Qe2 Bf3 37. Nc7 Qc6 38. Qe3 e4 39. Qa7 Qxc3 40. Qb8+ Bf8 41. Ne8 Qa1 42. g4 h5 43. Qd8 h4 44. Nxf6+ Kg7 45. Nh5+ Kh7 46. Qxh4 Bh6 47. g5 Qe5+ 0-1

[Event "MAU-ch"]
[Site "Nouadhibou"]
[Date "2014.01.02"]
[Round "10"]
[White "Hemam, Moulaye Brahim"]
[Black "Cheiguer, Mohamed Abdellahi"]
[Result "1/2-1/2"]
[WhiteElo "2077"]
[BlackElo "1681"]
[PlyCount "151"]
[EventDate "2013.12.28"]
[EventType "swiss"]
[EventRounds "11"]
[EventCountry "MAU"]
[SourceTitle "CBM 158 Extra"]
[Source "ChessBase"]
[SourceDate "2014.02.28"]
[SourceVersion "1"]
[SourceVersionDate "2014.02.28"]
[SourceQuality "1"]

1. d4 d5 2. Nf3 Nf6 3. g3 g6 4. Bg2 Bg7 5. 0-0 0-0 6. c4 c6 7. Nc3 dxc4 8. Ne5 Be6 9. a4 a5 10. e4 Nbd7 11. f4 Nb6 12. Be3 Nfd7 13. Qe2 Nxe5 14. dxe5 f5 15. Rfd1 Qc7 16. Qf2 Ra6 17. exf5 gxf5 18. Bf1 Kh8 19. b3 Nd5 20. Rac1 Nxe3 21. Qxe3 Raa8 22. Bxc4 Bxc4 23. bxc4 Rad8 24. c5 Rxd1+ 25. Rxd1 Rd8 26. Qe1 b6 27. Rxd8+ Qxd8 28. Qe3 bxc5 29. Qxc5 Bf8 30. Qxc6 e6 31. Ne2 Bb4 32. Kg2 Qd3 33. Qf3 Qc2 34. h4 Qxa4 35. Qa8+ Kg7 36. Qb7+ Kf8 37. Qxh7 Qc6+ 38. Kh2 Qf3 39. Qh6+ Ke7 40. Qg7+ Ke8 41. Qg6+ Kd7 42. Qxe6+ Kxe6 43. Nd4+ Ke7 44. Nxf3 Bc3 45. h5 a4 46. h6 Kf7 47. h7 Kg7 48. e6 Bf6 49. Nd4 Kxh7 50. Nxf5 a3 51. Nd4 Bxd4 52. e7 a2 53. e8Q a1Q 54. Qh5+ Kg7 55. Qg5+ Kf7 56. Qd5+ Kg7 57. Qg5+ Kf7 58. Qd5+ Ke7 59. Qb7+ Kd6 60. Qb8+ Ke6 61. Qc8+ Kf6 62. Qc6+ Kf5 63. Qd7+ Ke4 64. Qb7+ Kd3 65. Qb3+ Ke2 66. Qe6+ Kf2 67. Kh3 Qh1+ 68. Kg4 Qf3+ 69. Kg5 Qxg3+ 70. Qg4 Qc3 71. Qh4+ Ke2 72. Qh2+ Kd3 73. Qh7+ Kc4 74. Qc7+ Kd5 75. Qf7+ Ke4 76. Qf5+ 1/2-1/2